00667 2200241 4500001002100000005001700021008004100038020002200079035002400101040001200125082001800137084001800155090002200173100001900195245004500214250001100259260003500270300003800305504003000343650001800373850001200391990002200403INLIS00000000002754720170522140406.0  a978-602-225-246-7 0010-051700000000257 aYOPDYOG 2[23]a384.553 a384.553 Jok M aDEP 384.553 Jok M aJOKO INDRO, Om aMau dong jadi presenterc/ Om Joko Indro aCet. 1 aYogyakartabLeutika prioc2012 axiii, 132 hlm.b: ilus.c; 19 cm. aBibliografi: hlm. 130-131 aPembawa acara aYOPDYOG aCB-D.11/2012-2619